| 000 | 00466 a2200169 4500 | ||
|---|---|---|---|
| 003 | NUST | ||
| 005 | 20240529120434.0 | ||
| 008 | 240529b ||||| |||| 00| 0 eng d | ||
| 082 |
_a380 _bSBP |
||
| 100 | _aState Bank of Pakistan. | ||
| 245 |
_aAnnual Import of Goods and Services.2009 _cState Bank of Pakistan. |
||
| 260 |
_aPakistan _bState Bank of Pakistan. _c2009-2010 |
||
| 300 | _a882p. | ||
| 500 | _aPaper cover | ||
| 563 | _aPB | ||
| 942 |
_cBK _k380 SBP _2ddc |
||
| 999 |
_c349185 _d349185 |
||